☠ Sheep Killing Countries ☠ Quiz Stats

 Plays Quiz not verified by Sporcle

Score 0/20 Timer 06:00
0 Plays Today
Rank Country % Correct
1China
96.9%
8United Kingdom
90.8%
3Australia
87.7%
5India
86.9%
4New Zealand
86.2%
15Russia
84.6%
6Iran
76.9%
13Pakistan
75.4%
7Turkey
74.6%
10Spain
73.1%
Rank Country % Correct
14Morocco
58.5%
18Greece
56.2%
20Afghanistan
56.2%
11Algeria
52.3%
9Nigeria
51.5%
19Kazakhstan
47.7%
17Ethiopia
46.9%
2Sudan
46.2%
12Syria
44.6%
16Turkmenistan
36.9%

You're not logged in!

Compare scores with friends on all Sporcle quizzes.
OR
Log In

You Might Also Like...

Show Comments

Extras

Top Quizzes Today


Score Distribution

Your Account Isn't Verified!

In order to create a playlist on Sporcle, you need to verify the email address you used during registration. Go to your Sporcle Settings to finish the process.

Report this User

Report this user for behavior that violates our Community Guidelines.

Details: